Les séances de tirs au but jouées par le Paris Saint-Germain - Statistiques

Statistiques générales
  • Ce quiz a été pris 22 fois
  • Le résultat moyen est 10 sur 20
Statistiques - réponses
Saison Compétition Stade Score Réponse % Correct
2024-2025 Ligue des Champions 1/8 4-1 Liverpool FC
100%
2025-2026 Trophée des Champions Finale 4-1 Olympique de Marseille
95%
2025-2026 Supercoupe d'Europe Finale 4-3 Tottenham Hotspur
95%
2025-2026 Coupe Intercontinentale Finale 2-1 CR Flamengo
79%
2019-2020 Coupe de la Ligue Finale 6-5 Olympique Lyonnais
79%
2024-2025 Coupe de France 1/32 4-3 RC Lens
68%
2018-2019 Coupe de France Finale 5-6 Stade Rennais FC
68%
2021-2022 Coupe de France 1/8 5-6 OGC Nice
58%
2012-2013 Coupe de la Ligue 1/4 3-5 AS Saint-Etienne
53%
2010-2011 Trophée des Champions Finale 4-5 Olympique de Marseille
53%
2004-2005 Trophée des Champions Finale 6-7 Olympique Lyonnais
53%
1981-1982 Coupe de France Finale 6-5 AS Saint-Etienne
42%
2012-2013 Coupe de France 1/4 1-4 Evian Thonon-Gaillard
37%
1995-1996 Trophée des Champions Finale 6-5 FC Nantes
26%
2003-2004 Coupe de la Ligue 1/16 2-3 FC Gueugnon
21%
2020-2021 Coupe de France 1/2 6-5 Montpellier HSC
21%
2009-2010 Coupe de France 1/4 6-5 AJ Auxerre
16%
2003-2004 Coupe de France 1/2 4-3 FC Nantes
16%
2001-2002 Coupe de l'UEFA 1/16 3-4 Rangers FC
16%
2001-2002 Coupe de la Ligue 1/4 4-3 AS Nancy - Lorraine
5%
Aucun quiz correspondant
Distribution des résultats
% des personnes avec chaque résultat
Percentile par nombre de réponses
Votre historique - résultats
Vous n’avez pas pris ce quiz